LoL Worlds Top 20 2020 - Statistics

General Stats
  • This quiz has been taken 82 times
    80 since last reset
  • The average score is 14 of 20
Answer Stats
Hint Answer % Correct
8 Caps
95%
4 Showmaker
94%
10 Beryl
92%
1 Canyon
92%
2 Ghost
91%
6 Nuguri
91%
15 Perkz
89%
18 Wunder
89%
11 Mikkyx
86%
3 Bin
77%
17 369
63%
16 Knight
60%
13 Rekkles
58%
7 Angel
57%
14 SwordArt
57%
5 SofM
52%
12 Huanfeng
49%
9 Karsa
48%
19 Hylissang
40%
20 Zoom
28%
No matching quizzes found
Score Distribution
Percent of People with Each Score
Percentile by Number Answered
Your Score History
You have not taken this quiz since the last reset